000 00535nam a2200217Ia 4500
003 OSt
005 20220928135514.0
006 a|||||r|||| 00| 0
007 ta
008 220927b |||||||| |||| 00| 0 eng d
024 _a2629
037 _cTextual
040 _aSDCL
_cSDCL
_beng
041 _2eng
_aeng
082 _aO-,1L09x, L7
100 _aJohnson Samuel
_9391935
245 0 _aSelected poetry and prose
260 _c1977
942 _hO-,1L09x, L7
_cTEXL
_2CC
999 _c806440
_d806440